| 000 | 00671nam a2200217Ia 4500 | ||
|---|---|---|---|
| 005 | 20250508163819.0 | ||
| 008 | 008 250505s9999 xx 000 0 eng d | ||
| 020 | _a1-85396-379-8 | ||
| 037 | _aReference | ||
| 040 |
_aFEDL _beng _cFEDL |
||
| 041 |
_aeng _2eng |
||
| 084 |
_a372.4, EVA _qFEDL |
||
| 100 |
_aEvans Janet Ed. _9776428 |
||
| 245 | 0 | _aWhat's in the picture? Responding to illustrations in picture books | |
| 260 |
_aLondon, UK _bPaul Chapman Publishing _c1998 |
||
| 300 | _axviii,206p | ||
| 365 |
_aGBP _b14.99 |
||
| 650 |
_aElementary education - Picture books-Reading _9776429 |
||
| 942 |
_cREF _h372.4, EVA |
||
| 999 |
_c1385411 _d1385411 |
||